000 00741nam a2200265 i 4500
001 C2-0254882
003 PPAK
005 20180727222728.0
008 040518s2002 nyua|||| ||||| | eng d
020 _a0689851014
040 _aPPAK
_beng
_cPPAK
_erda
082 0 4 _a823
_223
090 0 0 _a823
_bDUB
_dK
100 1 _aDubowski, Mark,
_eauthor
245 1 0 _aEliza's secret
264 1 _aNew York :
_bSimon Spotlight ,
_c2002
300 _a[22 pages] :
_bcolour illustrations ;
_c20 cm
336 _2rdacontent
_atext
337 _2rdamedia
_aunmediated
338 _2rdacarrier
_avolume
490 1 _aThe wild Thornberry's movie
650 1 0 _aChildrens's stories, English
830 0 _aThe wild Thornberry's movie
942 _ddc
_cB
999 _c67525
_d67525